Statistics for Separatist Movements

Click here to take the quiz!

General Stats

  • This quiz has been taken 19,044 times
    (13,002 since last reset)
  • The average score is 15 of 20

Answer Stats

Area Current Country % Correct
ScotlandUnited Kingdom
100%
TibetChina
99%
GreenlandDenmark
99%
QuebecCanada
99%
CataloniaSpain
98%
Puerto RicoUnited States
97%
Basque CountrySpain / France
91%
FlandersBelgium
91%
KurdistanTurkey / Iran / Iraq / Syria
91%
ChechnyaRussia
89%
Western SaharaMorocco
88%
Tamil NaduIndia
76%
Faroe IslandsDenmark
74%
DarfurSudan
63%
ChiapasMexico
58%
Upper SilesiaPoland
49%
TransnistriaMoldova
46%
Nagorno-KarabakhAzerbaijan
38%
BougainvillePapua New Guinea
33%
Torres Strait IslandsAustralia
31%

Score Distribution

Percentile by Number Answered

Percent of People with Each Score

Your Score History

You have not taken this quiz since the last reset